Applied mathematical ecology

Αποθηκεύτηκε σε:
Λεπτομέρειες βιβλιογραφικής εγγραφής
Συγγραφή απο Οργανισμό/Αρχή: Autumn Course on Mathematical Ecology : Italy (International Centre for Theoretical Physics)
Άλλοι συγγραφείς: Levin, Simon A. (Επιμελητής έκδοσης), Hallam, T. G. (Thomas G.) (Επιμελητής έκδοσης), Gross, Louis J. (Επιμελητής έκδοσης)
Μορφή: Πρακτικό Συνεδρίου Βιβλίο
Γλώσσα:English
Δημοσίευση: Berlin : Springer-Verlag, c1989
Σειρά:Biomathematics ; ; 18
Θέματα:
Ετικέτες: Προσθήκη ετικέτας
Δεν υπάρχουν, Καταχωρήστε ετικέτα πρώτοι!

MARC

LEADER 00000pam a2200000 i 4500
001 1/97328
008 950214s1989 eng d
020 |a 3-540-19465-7 
035 |l 10010516 
040 |a GR-MY-UA  |b gre  |e aacr 
041 0 |a eng 
082 0 |a 574.50724 
111 2 |a Autumn Course on Mathematical Ecology  |e International Centre for Theoretical Physics  |n (2nd :  |d 1986  |c : Italy) 
245 1 0 |a Applied mathematical ecology /  |c Edited by Simon A. Levin; Thomas G. Hallam; Louis J. Gross 
260 |a Berlin :   |b Springer-Verlag,   |c c1989 
300 |a xiv, 491 p.;  |c 25 cm 
490 1 |a Biomathematics  |v ; 18 
500 |a Proceedings of the Second Autumn Course on Mathematical Ecology, held Nov.-Dec. 1986 at the International Centre for Theoretical Physics in Trieste, Italy 
504 |a Includes bibliographical references and index 
650 0 0 |a Ecology  |x Mathematical models  |x Congresses. 
700 1 |a Levin, Simon A.  |4 edt 
700 1 |a Hallam, T. G.  |q (Thomas G.)  |4 edt 
700 1 |a Gross, Louis J.  |4 edt 
830 0 |a Biomathematics ;  |v ; 18 
852 |a INST  |b LESVOS  |e 19950214  |h 574.50724 APP  |p 005100002967  |q 005100002967  |t BK  |y 0 
909 |a Λ  |b 035706